000
00289nam a22001337a 4500
082
_a
158
_b
FOR/D
100
_a
FOROUX, DARIUS
245
_a
DO IT TODAY
246
_a
DO IT TODAY
_b
DO IT TODAY
260
_a
NEW DELHI
_b
PENGUIN
_c
2025
300
_a
142
650
_a
MOTIVATIONAL
942
_c
BK
999
_c
9174
_d
9174